UM Logo

Teaching skills of btte teachers and academic performance of 4th year btte students in um digos college/ (Record no. 10274)

MARC details
000 -LEADER
fixed length control field 00694nam a22001697a 4500
008 - FIXED-LENGTH DATA ELEMENTS--GENERAL INFORMATION
fixed length control field 180809b ||||| |||| 00| 0 eng d
082 ## - DEWEY DECIMAL CLASSIFICATION NUMBER
Edition number 2018
Classification number UT 1021
Item number R78
100 ## - MAIN ENTRY--PERSONAL NAME
9 (RLIN) 30320
Personal name Rosales, Bryzy Regie G.
245 ## - TITLE STATEMENT
Title Teaching skills of btte teachers and academic performance of 4th year btte students in um digos college/
Statement of responsibility, etc. Bryzy Regie G. Rosales, Hazel Diane M. Lecera and Hazel Jane R. Caperol.
260 ## - PUBLICATION, DISTRIBUTION, ETC. (IMPRINT)
Place of publication, distribution, etc. Digos City:
Name of publisher, distributor, etc. UMDC
Date of publication, distribution, etc. March 2018.
300 ## - PHYSICAL DESCRIPTION
Extent 54 pages;
Other physical details 29.5 cm.
650 #0 - SUBJECT ADDED ENTRY--TOPICAL TERM
9 (RLIN) 30322
Topical term or geographic name as entry element Education.
Form subdivision BTTE
General subdivision Undergraduate thesis.
700 ## - ADDED ENTRY--PERSONAL NAME
9 (RLIN) 30323
Personal name Rosales, Bryzy Regie G.
700 ## - ADDED ENTRY--PERSONAL NAME
9 (RLIN) 30324
Personal name Lecera, Hazel Diane M.
700 ## - ADDED ENTRY--PERSONAL NAME
9 (RLIN) 30325
Personal name Caperol, Hazel Jane R.
942 ## - ADDED ENTRY ELEMENTS (KOHA)
Source of classification or shelving scheme Dewey Decimal Classification
Koha item type Undergraduate Thesis
Holdings
Withdrawn status Lost status Source of classification or shelving scheme Damaged status Not for loan Home library Current library Date acquired Total Checkouts Full call number Barcode Date last seen Price effective from Koha item type
    Dewey Decimal Classification     UM Digos College - LIC UM Digos College - LIC 08/01/2018   UT 1021 R78 2018 1021 05/15/2025 08/09/2018 Undergraduate Thesis